header

Cultural analysis of texts (Record no. 55582)

MARC details
000 -LEADER
fixed length control field 01336nam a2200361 a 4500
082 04 - DEWEY DECIMAL CLASSIFICATION NUMBER
Classification number 401/.41
100 1# - MAIN ENTRY--AUTHOR NAME
Personal name Lehtonen, Mikko.
245 10 - TITLE STATEMENT
Title Cultural analysis of texts
260 ## - PUBLICATION, DISTRIBUTION, ETC. (IMPRINT)
Place of publication London ;
-- Thousand Oaks, Calif. :
Name of publisher SAGE,
Year of publication 2000.
300 ## - PHYSICAL DESCRIPTION
Number of Pages 208 p.
500 ## - GENERAL NOTE
General note Translated from Finnish.
650 #0 - SUBJECT ADDED ENTRY--TOPICAL TERM
Topical Term Discourse analysis.
Topical Term Semiotics.
Topical Term Context (Linguistics)
Topical Term Language and culture.
856 40 - ELECTRONIC LOCATION AND ACCESS
Uniform Resource Identifier http://site.ebrary.com/lib/rucke/Doc?id=10080981

No items available.

© 2026 Rongo University
Contact us: librarian | system librarian | Rongo university